000
00340nam a2200157 4500
008
190522s ||||CZ d
260
_a
Praha
_b
Pražské
245
1
0
_a
Neveste pro Napoleona
250
_a
1.vydanie
020
_c
0
041
1
_a
cze
100
1
_a
Charles de Caulle
_9
1127
044
_a
CZ
958
_a
AUL
958
_a
A
999
_c
22428
_d
22428